MARC details
| 000 -LEADER |
| fixed length control field |
01058nam a2200241 a 4500 |
| 008 - FIXED-LENGTH DATA ELEMENTS--GENERAL INFORMATION |
| fixed length control field |
170321s2016 ||||||||||||||||| || u |
| 010 ## - LIBRARY OF CONGRESS CONTROL NUMBER |
| LC control number |
2015019229 |
| 020 ## - INTERNATIONAL STANDARD BOOK NUMBER |
| International Standard Book Number |
9780323299947 |
| 050 ## - LIBRARY OF CONGRESS CALL NUMBER |
| Classification number |
RC 901.7 Kal |
| 100 ## - MAIN ENTRY--PERSONAL NAME |
| Personal name |
Kallenbach, Judith Z |
| 245 10 - TITLE STATEMENT |
| Title |
Review of hemodialysis for nurses and dialysis personnel. (9th ed.) |
| Statement of responsibility, etc. |
Judith Z. Kallenbach, MSN, RN, CNN, Clinical Quality Administrator, DaVita Village Health, Akron, Ohio. |
| Medium |
[unmediated] |
| 246 ## - |
| -- |
Hemodialysis for nurses and dialysis personnel |
| 250 ## - EDITION STATEMENT |
| Edition statement |
Ninth edition. |
| 260 ## - PUBLICATION, DISTRIBUTION, ETC. |
| Place of publication, distribution, etc. |
St. Louis Missouri: |
| Name of publisher, distributor, etc. |
Elsevier |
| Date of publication, distribution, etc. |
2016 |
| 300 ## - PHYSICAL DESCRIPTION |
| Extent |
x, 419 pages : illustrations |
| 350 ## - |
| -- |
76.95 |
| 500 ## - GENERAL NOTE |
| General note |
Includes bibliographical references and index. |
| 650 #3 - SUBJECT ADDED ENTRY--TOPICAL TERM |
| Topical term or geographic name entry element |
ACUTE KIDNEY INJURY-NURSING |
| 650 #3 - SUBJECT ADDED ENTRY--TOPICAL TERM |
| Topical term or geographic name entry element |
RENAL DIALYSIS-NURSING |
| 650 #3 - SUBJECT ADDED ENTRY--TOPICAL TERM |
| Topical term or geographic name entry element |
RENAL INSUFFICIENCY,CHRONIC-NURSING |
| 995 ## - |
| -- |
MEDICAL LIBRARY OPEN ACCESS |
| -- |
903703 |
| -- |
CBU-SCHOOL OF MEDICINE LIBRARY (Ndola) |
| -- |
76.95 |
| -- |
RC 901.7 Kal |
| -- |
1 |
| -- |
AVAILABLE |
| -- |
Mar 21, 2017 |
| -- |
903703 |
| -- |
Medical Library Open Access Collection |
| 999 ## - |
| -- |
32617 |
| -- |
32617 |